| 000 | 00772nam a22002057a 4500 | ||
|---|---|---|---|
| 999 |
_c181371 _d181371 |
||
| 005 | 20210909130313.0 | ||
| 010 | _a ENG-129899 -129900 | ||
| 020 |
_a978-81-3126-528-4 _c6595.00( vol.2) |
||
| 035 | _a EN-113431 -32 | ||
| 037 | _bDBAD/PUB | ||
| 082 | _a342.54 | ||
| 100 | _aDurga Das Basu | ||
| 245 |
_aShorter Constitution of India/ _cDurga Das Basu |
||
| 250 | _a16th ed. | ||
| 260 |
_bLexis Nexis _aIndia _c2018 |
||
| 270 |
_bGurgaon _e122002 _a14th Floor , Building No 10, Tower-B, DLF Cyber City, phase -ll _k+91 124 4774444 _l+91 124 4774100 _mhelp.in@lexisnexis.com |
||
| 300 |
_av.p. _c25cm(hbk) _bvol.1-2 |
||
| 500 | _avol.1(Articles 1 to151) vol.2(orders I52 to end) Justice R Banumathi,former judge | ||
| 942 |
_2ddc _cEN _h342.54 _mBAS |
||